Movies Quiz

Random Movies or Clickable Quiz
Score 0/60 Timer 10:00
0 Plays Today
% Correct
Malkovich
96.4%
Phantom
95.5%
Shagged
95.5%
Club
94.6%
Wide
94.6%
Blair
94.6%
Stuart
94.6%
West
94.6%
Story
93.8%
Sixth
93.8%
Hate
93.8%
Talented
93.8%
Gadget
93.8%
Beauty
92.9%
Mile
92.9%
Virgin
92.9%
Sea
92.9%
Kissed
92.9%
This
92.9%
Bone
92.9%
Cider
92.9%
House
92.9%
Space
92%
Notting
92%
Intentions
92%
Cry
92%
Sleepy
91.1%
Interrupted
91.1%
World
91.1%
Sunday
91.1%
% Correct
Bride
91.1%
Crown
91.1%
Pie
90.2%
Longer
90.2%
Iron
89.3%
Mother
89.3%
She's
89.3%
Park
89.3%
Man
88.4%
Past
88.4%
Dead
86.6%
End
86.6%
Jeopardy
86.6%
Space
86.6%
Galaxy
85.7%
Daddy
85.7%
Gorgeous
85.7%
Cheerleader
83%
October
83%
Hands
83%
Varsity
83%
Bicentennial
82.1%
Kings
81.3%
Men
81.3%
Placid
81.3%
Boondock
80.4%
Wind
79.5%
Stir
78.6%
Ninth
75.9%
13th
75.9%
Remove Ads.
Support Sporcle.
Get the best of Sporcle when you Go Orange. This ad-free experience offers more features, more stats, and more fun while also helping to support Sporcle. Thank you for becoming a member.

You're not logged in!

Compare scores with friends on all Sporcle quizzes.
OR
Log In

Show Comments

Extras

Top Quizzes Today


Score Distribution

Your Account Isn't Verified!

In order to create a playlist on Sporcle, you need to verify the email address you used during registration. Go to your Sporcle Settings to finish the process.

Report this User

Report this user for behavior that violates our Community Guidelines.

Details: